Wildlife Obs: Bird Visual ID - Statistics

General Stats
  • This quiz has been taken 25 times
  • The average score is 60 of 114
Answer Stats
Picture Answer % Correct
Canada Goose
95%
Mallard
95%
Bald Eagle
89%
Blue Jay
89%
Common Loon
79%
Great Blue Heron
79%
Osprey
79%
Turkey Vulture
79%
American Crow
74%
American Robin
74%
House Sparrow
74%
Mourning Dove
74%
Red-winged Blackbird
74%
Brown-headed Cowbird
68%
Downy Woodpecker
68%
European Starling
68%
House Finch
68%
Mute Swan
68%
Northern Cardinal
68%
Peregrine Falcon
68%
Wild Turkey
68%
American Goldfinch
63%
American Kestrel
63%
Belted Kingfisher
63%
Black-capped Chickadee
63%
Common Raven
63%
Dark-eyed Junco
63%
Herring Gull
63%
Pileated Woodpecker
63%
Ring-necked Pheasant
63%
Rock Pigeon
63%
White-breasted Nuthatch
63%
Barn Swallow
58%
Common Grackle
58%
Cooper's Hawk
58%
Hairy Woodpecker
58%
Merlin
58%
Northern Flicker
58%
Red-tailed Hawk
58%
Ring-billed Gull
58%
Sandhill Crane
58%
Scarlet Tanager
58%
Wood Duck
58%
Yellow Warbler
58%
American Bittern
53%
American Coot
53%
American Woodcock
53%
Black-and-white Warbler
53%
Cedar Waxwing
53%
Chimney Swift
53%
Chipping Sparrow
53%
Double-crested Cormorant
53%
Eastern Bluebird
53%
Killdeer
53%
Northern Goshawk
53%
Ovenbird
53%
Purple Finch
53%
Red-breasted Nuthatch
53%
Red-eyed Vireo
53%
Snow Goose
53%
Song Sparrow
53%
Trumpeter Swan
53%
Wilson's Snipe
53%
Yellow-bellied Sapsucker
53%
Baltimore Oriole
47%
Brown Creeper
47%
Bufflehead
47%
Common Merganser
47%
Eastern Meadowlark
47%
Green-winged Teal
47%
Hooded Merganser
47%
Northern Shrike
47%
Pied-billed Grebe
47%
Purple Martin
47%
Rose-breasted Grosbeak
47%
Ruffed Grouse
47%
Snow Bunting
47%
Tree Swallow
47%
Tundra Swan
47%
Wood Thrush
47%
American Tree Sparrow
42%
Bobolink
42%
Common Nighthawk
42%
Common Tern
42%
Eastern Phoebe
42%
Evening Grosbeak
42%
House Wren
42%
Marsh Wren
42%
Northern Bobwhite
42%
American Black Duck
37%
American Redstart
37%
Bank Swallow
37%
Brown Thrasher
37%
Eastern Kingbird
37%
Horned Lark
37%
Northern Harrier
37%
Ring-necked Duck
37%
Ruby-crowned Kinglet
37%
Black-billed Cuckoo
32%
Black-throated Green Warbler
32%
Blue-gray Gnatcatcher
32%
Common Yellowthroat
32%
Eastern Whip-poor-will
32%
Horned Grebe
32%
Rusty Blackbird
32%
Veery
32%
White-throated Sparrow
32%
Canada Warbler
26%
Eastern Wood-Pewee
26%
Field Sparrow
26%
Great-crested Flycatcher
26%
Magnolia Warbler
21%
Swamp Sparrow
21%
Olive-sided Flycatcher
16%
No matching quizzes found
Score Distribution
Percent of People with Each Score
Percentile by Number Answered
Your Score History
You have not taken this quiz